Understanding Literature. (Record no. 3056)

MARC details
000 -LEADER
fixed length control field 00356nam a22001217a 4500
005 - DATE AND TIME OF LATEST TRANSACTION
control field 20200929112708.0
008 - FIXED-LENGTH DATA ELEMENTS--GENERAL INFORMATION
fixed length control field 200929b ||||| |||| 00| 0 eng d
020 ## - INTERNATIONAL STANDARD BOOK NUMBER
International Standard Book Number 00263506299/9
040 ## - CATALOGING SOURCE
Transcribing agency CML
245 ## - TITLE STATEMENT
Title Understanding Literature.
Statement of responsibility, etc. Buck, P.
260 ## - PUBLICATION, DISTRIBUTION, ETC.
Place of publication, distribution, etc. McGrew-Hill
Name of publisher, distributor, etc. McGrew-Hell Educational.
Date of publication, distribution, etc. 1991
942 ## - ADDED ENTRY ELEMENTS (KOHA)
Source of classification or shelving scheme Dewey Decimal Classification
Koha item type Books
Classification part 807.12
Call number suffix MAC
Holdings
Withdrawn status Lost status Source of classification or shelving scheme Damaged status Not for loan Collection code Home library Current library Shelving location Date acquired Total Checkouts Full call number Date last seen Price effective from Koha item type
    Dewey Decimal Classification     Literature & Rhetoric Chalimbana Main Library Chalimbana Main Library Literature & Rhetoric 09/29/2020   807.12 MAC 09/29/2020 09/29/2020 Books

Powered by Koha